000 00935nam a2200277 a 4500
001 000038166
003 000038166
005 20171013120459.0
008 130320s2000 dr 000 0 spa d
040 _aBPMSU
_bspa
_cBPMSU
082 0 4 _a972.93054
_bB171v, 2000
100 1 _aBalaguer, Joaquín
_d1906 - 2000
245 1 3 _aLa voz del capitolio :
_bdiscursos /
_cJoaquín Balaguer.
250 _a2a ed.
260 _aSanto Domingo :
_bCorripio ,
_c2000.
300 _a370 p. :
_c24 cm.
490 _aDiscursos
_v9
600 1 4 _aBALAGUER, JOAQUIN,
_d1906-2002
_xENSAYOS, CONFERENCIAS, ETC.
651 4 _aREPÚBLICA DOMINICANA
_xHISTORIA
_yERA DE TRUJILLO, 1930-1961
651 4 _aREPÚBLICA DOMINICANA
_xPOLÍTICA Y GOBIERNO
_y1930-1961
830 0 _aDiscursos
_n9
910 _aValidado. Control de calidad MFF
942 _2ddc
_cBK
945 _aTítulo remanejado para BNPHU / 2017 VM
956 _aVMATEO
_c20150720
_lBPMSU
_h0069
999 _c7179
_d7179